000 00330nam a2200133 i 4500
001 bg
100 1 _aMIZOHATA, Sigeru
245 0 _aThe Theory of Partial Differential Equations /
_cSigeru Mizohata.
260 _aCambridge,
_c1973.
040 _cBPK
041 _apol
942 _cKS
008 s pl f |000 0 pol
999 _c26282
_d26282
856 _uhttp://koha.tu.koszalin.pl/cgi-bin/koha/opac-detail.pl?biblionumber=26282
_yKatalog online BPK